Guess the Letter Quiz Stats

Quiz Updated Oct 19, 2016

Challenge
Share
Tweet
Embed
Score 0/100 Timer 08:00
2 Plays Today
% Correct
Ten in Roman numerals???
88.2%
Special _: A cereal by Kellogg's???
84.3%
First initial of Diddy???
82.7%
Malcolm _: Civil rights activist???
79.6%
Formation geese are famous for flying in???
79.6%
Chemical symbol for Hydrogen???
78.4%
Symbol denoting a strike in bowling???
73.8%
Day the allies stormed the beach at Normandy???
73.2%
_ Sync: Boy band of which Justin Timberlake was a member???
72.9%
Sex chromosome possessed only by men???
68.4%
Films only suitable for over 16s in USA???
66.6%
_-Mobile: German mobile telephone network???
66.2%
Erogenous spot in women???
65.9%
Chemical symbol for Boron???
65.4%
_ pluribus unum: 'Out of many, one' from Seal of the United States???
62.4%
Chemical Symbol for Potassium???
61.3%
The vertical axis of a graph???
60.3%
Default hard drive letter on Windows PCs???
59.2%
A low budget, second rate movie???
58.8%
Roman numeral for 50???
58.4%
Ford model which was the first to be mass produced on an assembly line???
58.4%
_-Pain: Rapper with single 'I'm Sprung'???
56.7%
Commonest letter in English language???
55.7%
HTML tag denoting bold text???
54.7%
Middle name of President Harry Truman???
54%
_ Street Band: Musical group known for working with Bruce Springsteen???
53.9%
Most common blood group phenotype???
49.9%
Series of pickup trucks produced by Ford???
48%
Jackass performer Steve???
46.9%
Avenue _ : Puppet musical???
44.5%
Ascorbic acid vitamin???
43.9%
James Bond character played by Desmond Llewelyn???
43%
Square root of negative 1???
42.4%
_ Club 7: Pop group with hit 'Reach'???
41.6%
% Correct
Head of MI6 in James Bond???
41%
Play loudly, in musical notation???
40.3%
Surname of B. A. Baracus actor???
40.1%
A strikeout in baseball scorekeeping???
39.7%
Tommy Lee Jones agent in Men in Black???
37.2%
Comic character who bombs the Houses of Parliament on Guy Fawkes Night???
37%
500 in Roman numerals???
36.1%
Agent played by Will Smith in Men in Black???
31.6%
International vehicle registration code of Germany???
30.6%
Natural Log base ~ 2.718???
29.6%
1980s sci-fi series featuring alien race known as the Visitors???
28.8%
Triple _: WWE wrestler???
28.4%
299,792,458 metres per second???
28.2%
Chemical Symbol for Tungsten???
26.2%
_ Thant: UN Secretary General???
24.3%
_-Zero: Nintendo racing game???
23%
Letter displayed on vehicles driven by unqualified drivers in UK???
22.9%
South African currency symbol???
22.4%
BMW's high performance division???
21.6%
AT&T stock ticker symbol???
19.6%
Vince's best friend in Entourage???
19.3%
Planck constant???
19.2%
_ Men: 1935 film starring James Cagney???
18.9%
Film starring Mekhi Phifer and Julia Stiles???
17.1%
Number 10 in the hexadecimal system???
15.9%
Star Trek character originating from continuum of same letter???
15.8%
1990 album by INXS???
15.4%
Middle name of Doctor Who writer Russell Davies???
15.2%
Aperture size number in lenses???
15.1%
Symbol for momentum???
14.6%
Cirque du Soleil show in Las Vegas???
14.6%
UK music magazine and radio station???
14.2%
R. Kelly's third studio album???
13.4%
The Ideal Gas Constant = 8.31???
13.4%
% Correct
Woody Allen's character in Antz???
13.1%
A Knight in algebraic chess notation???
13.1%
Semiconductor type with negative charge???
12.9%
Debut album by Vanessa Hudgens???
12.9%
Boltzmann constant???
12.2%
Debut album by Damien Rice???
11.8%
Enthalpy???
11.4%
Stage name of Eels singer Mark Everett???
11.4%
Steps singer Ian Watkins???
11.3%
1931 German film directed by Fritz Lang???
10%
San Jose Earthquakes mascot???
9.4%
Mass number of a nucleus???
9.1%
Death Note detective???
6.4%
Electric charge???
6.3%
Charged bosons of the weak interaction???
6.2%
1996 Kula Shaker album???
6.2%
Marvel superhero whose name is Monet Yvette Clarisse Maria Therese St. Croix???
6%
British band with single 'Nothing'???
5.8%
1980 album by Jethro Tull???
5.1%
Vampire Hunter of Hideyuki Kikuchi manga???
4.9%
Band whose members included Gibby Haynes and Johnny Depp???
4.1%
Stellar classification of the Sun???
4%
Canon's top of the range lens series???
3.9%
Bessel function of the first kind???
3.3%
Leader of Team Plasma in Pokémon Black and White???
3.1%
Oregon river only 440 feet long???
3%
1972 John Berger novel???
2.9%
My Morning Jacket album???
2.9%
Mitsubishi K-car model???
2.6%
2004 Meshuggah EP???
2.6%
Pearl Jam song from Lost Dogs album???
1.5%
2010 novel by Tom McCarthy???
1.5%

You're not logged in!

Compare scores with friends on all Sporcle quizzes.
Sign Up with Email
OR
Log In

You Might Also Like...

Show Comments

Extras

Top Quizzes Today


Score Distribution

Your Account Isn't Verified!

In order to create a playlist on Sporcle, you need to verify the email address you used during registration. Go to your Sporcle Settings to finish the process.